Estadísticas para Capitales Mundiales más Cercanas a Madrid

Haz click aquí para intentar la prueba.

Estadísticas generales

  • Esta prueba ha sido intentada 5.377 veces
  • La puntuación promedio es 15 de 20

Respuestas en el mapa

Las respuestas están codificadas por una escala verde-roja en el mapa de la prueba según el % correcto abajo.
 

Estadísticas de respuestas

kmCapital% Correcto
1053París
99%
503Lisboa
98%
1265Londres
96%
1363Roma
96%
1453Dublin
88%
494Andorra
la Vieja
85%
1319Bruselas
84%
1483Ámsterdam
83%
771Rabat
80%
991Mónaco
79%
1153Berna
76%
1281Luxemburgo
75%
1362Ciudad del
Vaticano
71%
1385San Marino
71%
719Argel
67%
1668La Valeta
63%
1271Túnez
62%
1702Zagreb
56%
1297Vaduz
55%
1600Liubliana
51%

Distribución de puntuación

Porcentaje por número respondido

Porcentaje de gente con cada puntuación

Historial de tus puntuaciones

No has intentado esta prueba.